Detalles MARC
| 000 -LEADER |
| fixed length control field |
01682cam a2200361 i 4500 |
| 001 - CONTROL NUMBER |
| control field |
62533 |
| 003 - CONTROL NUMBER IDENTIFIER |
| control field |
Mx-PuUPA |
| 005 - DATE AND TIME OF LATEST TRANSACTION |
| control field |
20241205162159.0 |
| 008 - FIXED-LENGTH DATA ELEMENTS--GENERAL INFORMATION |
| fixed length control field |
150512s2002 mx a gr 001 0 spa d |
| 020 ## - INTERNATIONAL STANDARD BOOK NUMBER |
| International Standard Book Number |
968553800X |
| 040 0# - CATALOGING SOURCE |
| Original cataloging agency |
Mx-PuUPA |
| Language of cataloging |
spa |
| Transcribing agency |
Mx-PuUPA |
| Modifying agency |
Mx-PuUPA |
| Description conventions |
rda |
| 041 0# - LANGUAGE CODE |
| Language code of text/sound track or separate title |
spa |
| 110 2# - MAIN ENTRY--CORPORATE NAME |
| Corporate name or jurisdiction name as entry element |
Museo de la Basílica de Guadalupe, |
| Relator term |
autor |
| 9 (RLIN) |
10750 |
| 245 13 - TITLE STATEMENT |
| Title |
El divino pintor : |
| Remainder of title |
la creación de María de Guadalupe en el taller celestial / |
| Statement of responsibility, etc. |
Museo de la Basílica de Guadalupe |
| 246 18 - VARYING FORM OF TITLE |
| Title proper/short title |
Museo de la Basílica de Guadalupe : |
| Remainder of title |
El divino pintor : la creación de María de Guadalupe en el taller celestial |
| 264 #3 - PRODUCTION, PUBLICATION, DISTRIBUTION, MANUFACTURE, AND COPYRIGHT NOTICE |
| Place of production, publication, distribution, manufacture |
México, D.F. : |
| Name of producer, publisher, distributor, manufacturer |
Impresora Solart, |
| Date of production, publication, distribution, manufacture, or copyright notice |
2001 |
| 264 #1 - PRODUCTION, PUBLICATION, DISTRIBUTION, MANUFACTURE, AND COPYRIGHT NOTICE |
| Place of production, publication, distribution, manufacture |
Monterrey, N.L. : |
| Name of producer, publisher, distributor, manufacturer |
Museo de Historia Mexicana, |
| Date of production, publication, distribution, manufacture, or copyright notice |
[2002] |
| 300 ## - PHYSICAL DESCRIPTION |
| Extent |
267 páginas : |
| Other physical details |
ilustraciones, láminas (color) ; |
| Dimensions |
28 cm + |
| Accompanying material |
1 hoja de lámina (color) + 1 hoja de Fe de erratas |
| 336 ## - CONTENT TYPE |
| Content type term |
texto |
| Fuente |
rdacontent |
| Content type code |
txt |
| 337 ## - MEDIA TYPE |
| Media type term |
sin medio |
| Source |
rdamedia |
| Media type code |
n |
| 338 ## - CARRIER TYPE |
| Carrier type term |
volumen |
| Source |
rdacarrier |
| Carrier type code |
nc |
| 501 ## - WITH NOTE |
| With note |
Una hoja de lámina, con la pintura del autor Arreola Juárez, con título: Reina de México, Emperatriz de América, 1965. Óleo sobre tela, 200 x 135 cm Col. Museo de la Basílica de Guadalupe. |
| 501 ## - WITH NOTE |
| With note |
Una hoja que contiene listado de Fe de erratas de la obra. |
| 600 14 - SUBJECT ADDED ENTRY--PERSONAL NAME |
| Personal name |
Virgen de Guadalupe |
| General subdivision |
Culto |
| Geographic subdivision |
México |
| 650 #4 - SUBJECT ADDED ENTRY--TOPICAL TERM |
| Topical term or geographic name entry element |
Religión |
| Geographic subdivision |
México |
| General subdivision |
Historia |
| Chronological subdivision |
Epoca colonial, 1517-1821 |
| 650 #4 - SUBJECT ADDED ENTRY--TOPICAL TERM |
| Topical term or geographic name entry element |
Pintura religiosa |
| Geographic subdivision |
México |
| 650 #4 - SUBJECT ADDED ENTRY--TOPICAL TERM |
| Topical term or geographic name entry element |
Pintura mexicana |
| General subdivision |
Historia y crítica |
| 710 2# - ADDED ENTRY--CORPORATE NAME |
| Corporate name or jurisdiction name as entry element |
Museo de Historia Mexicana |
| Relator term |
autor |
| 942 ## - ADDED ENTRY ELEMENTS (KOHA) |
| Source of classification or shelving scheme |
Dewey Decimal Classification |
| Koha item type |
Libro |
| Classification part |
704.94855 |
| Item part |
D618 |